Tables for the purchasing of estates ... and for the renewing of leases (Record no. 113923)

MARC details
000 -LEADER
fixed length control field 00705cam a22002055a 4500
001 - CONTROL NUMBER
control field L155923
008 - FIXED-LENGTH DATA ELEMENTS--GENERAL INFORMATION
fixed length control field 120423s1853 xxk f 000 0 eng d
035 ## - SYSTEM CONTROL NUMBER
System control number (Sirsi) u155923
041 0# - LANGUAGE CODE
Language code of text/sound track or separate title eng
100 1# - MAIN ENTRY--PERSONAL NAME
Personal name Inwood, William
Dates associated with a name 1771?-1843
245 00 - TITLE STATEMENT
Title Tables for the purchasing of estates ... and for the renewing of leases
250 ## - EDITION STATEMENT
Edition statement The fifteenth ed., with considerable additions, and an extension of Smart's tables ... by George Scott, A.I.A.
260 ## - PUBLICATION, DISTRIBUTION, ETC.
Place of publication, distribution, etc. London
Name of publisher, distributor, etc. [s.n.]
Date of publication, distribution, etc. 1853-1854
300 ## - PHYSICAL DESCRIPTION
Extent 1 v.
Dimensions 8o
583 ## - ACTION NOTE
Action Condition reviewed
Time/date of action 20120620
Status condition level 1 and 3
651 #4 - SUBJECT ADDED ENTRY--GEOGRAPHIC NAME
Geographic name Great Britain
Chronological subdivision 1707-
690 ## - LOCAL SUBJECT ADDED ENTRY--TOPICAL TERM (OCLC, RLIN)
Topical term or geographic name as entry element Landlord and tenant
9 (RLIN) 6252
700 1# - ADDED ENTRY--PERSONAL NAME
Personal name Scott, George
942 ## - ADDED ENTRY ELEMENTS (KOHA)
Suppress in OPAC 0
Holdings
Withdrawn status Lost status Source of classification or shelving scheme Damaged status Not for loan Home library Current library Shelving location Date acquired Total Checkouts Full call number Barcode Date last seen Copy number Price effective from Koha item type
    Dewey Decimal Classification     Historic collection Historic collection Historic collection 23/04/2012   OCTAVO 1853 INWOOD 30077550 06/08/2019 1 06/08/2019 Book
    Dewey Decimal Classification     Historic collection Historic collection Historic collection 23/04/2012   OCTAVO 1853 INWOOD 30077554 06/08/2019 2 06/08/2019 Book